Revelation, four views : (Record no. 9362)

MARC details
000 -LEADER
fixed length control field 01398cam a2200361 i 4500
001 - CONTROL NUMBER
control field 22349877
003 - CONTROL NUMBER IDENTIFIER
control field GBCCL
005 - DATE AND TIME OF LATEST TRANSACTION
control field 20241126110710.0
007 - PHYSICAL DESCRIPTION FIXED FIELD--GENERAL INFORMATION
fixed length control field cr |||||||||||
008 - FIXED-LENGTH DATA ELEMENTS--GENERAL INFORMATION
fixed length control field 140829s2013 tnu ob 001 0 eng
010 ## -
-- 2020756897
020 ## - INTERNATIONAL STANDARD BOOK NUMBER
International Standard Book Number 9780310119531
Qualifying information ebook
020 ## - INTERNATIONAL STANDARD BOOK NUMBER
Canceled/invalid ISBN 9781401676216
Qualifying information pbk.
040 ## - CATALOGING SOURCE
Original cataloging agency DLC
Language of cataloging eng
Description conventions rda
-- pn
Transcribing agency DLC
050 00 -
-- BS2825.3
082 ## - DEWEY DECIMAL CLASSIFICATION NUMBER
Classification number 228.07
Item number GRE
100 1# - MAIN ENTRY--PERSONAL NAME
Personal name Gregg, Steve,
Dates associated with a name 1953-
9 (RLIN) 16312
245 10 - TITLE STATEMENT
Title Revelation, four views :
Remainder of title a parallel commentary /
Statement of responsibility, etc. Steve Gregg ; foreword by Dr. Robert G. Clouse.
250 ## - EDITION STATEMENT
Edition statement Revised & updated.
264 #1 - PRODUCTION, PUBLICATION, DISTRIBUTION, MANUFACTURE, AND COPYRIGHT NOTICE
Place of production, publication, distribution, manufacture Nashville :
Name of producer, publisher, distributor, manufacturer Thomas Nelson,
Date of production, publication, distribution, manufacture, or copyright notice [2013]
300 ## - PHYSICAL DESCRIPTION
Extent 1 online resource (606 pages)
336 ## - CONTENT TYPE
Content type term text
Content type code txt
Source rdacontent
337 ## - MEDIA TYPE
Media type term computer
Media type code c
Source rdamedia
338 ## - CARRIER TYPE
Carrier type term online resource
Carrier type code cr
Source rdacarrier
500 ## - GENERAL NOTE
General note Revision of: Revelation, four views / edited by Steve Gregg. 1997.
504 ## - BIBLIOGRAPHY, ETC. NOTE
Bibliography, etc. note Includes bibliographical references (pages 577-579) and indexes.
588 ## - SOURCE OF DESCRIPTION NOTE
Source of description note Description based on print version record and CIP data provided by publisher; resource not viewed.
630 00 - SUBJECT ADDED ENTRY--UNIFORM TITLE
Uniform title Bible.
Name of part/section of a work Revelation
Form subdivision Commentaries.
9 (RLIN) 873
776 08 - ADDITIONAL PHYSICAL FORM ENTRY
Relationship information Print version:
Title Revelation, four views
Place, publisher, and date of publication Nashville : Thomas Nelson, [2013]
International Standard Book Number 9781401676216 (pbk.)
Record control number (DLC) 2014415578
906 ## - LOCAL DATA ELEMENT F, LDF (RLIN)
a 0
b cbc
c origcop
d 1
e ecip
f 20
g y-gencatlg
942 ## - ADDED ENTRY ELEMENTS (KOHA)
Source of classification or shelving scheme Dewey Decimal Classification
Koha item type Books
Koha issues (borrowed), all copies 7
Holdings
Withdrawn status Lost status Source of classification or shelving scheme Damaged status Not for loan Home library Current Library Shelving location Date acquired Total checkouts Total renewals Full call number Barcode Date last seen Date last checked out Copy number Price effective from Koha item type
    Dewey Decimal Classification     GRACE BIBLE COLLEGE GRACE BIBLE COLLEGE Biblical Studies 2022-11-07 7 2 228.07 GRE 015843 2026-02-02 2024-06-14 c.1 2022-11-07 Books
© Grace Bible College Library 2025